000
00282nam a2200121Ia 4500
008
240624s9999 xx 000 0 und d
041
_a
eng
082
_a
823 GAS
100
_a
GASKELL ELIZABETH
245
_a
CRANFORD
260
_c
1918
_a
New Delhi
_b
Harper Collins
365
_c
RS
_b
25
999
_c
18528
_d
18528